01175nam a2200229 a 4500001001000000005001700010008004100027040001800068050002400086100001900110245016500129260007200294300004200366500028700408504003100695600004600726650006100772650004800833653002200881700001700903700002500920BRCA_166120190320203509.0840831s1985 txua---##b---#000-0#eng-# aDLCcDLCdDLC 4aND813.M4b.T84 19851 aTufts, Eleanor10aLuis MeléndezbSpanish Still-Life Painter of the Eighteenth CenturycEleanor Tufts ; Juan J. Luna ; translations by Tomás Rodríguez and Patricia Zahniser. aDallas, TexasbMeadows Museum : Southern Methodist Universityc1985 a133 p.bil. (algunas a color)c28 cm. aCatálogo de la exposición realizada en el North Carolina Museum of Art (Raleigh), 12 enero - 10 marzo, 1985, en el Meadows Museum, Suthern Methodist University (Dallas, Texas), 22 marzo - 19 mayo, 1985 y en The National Academy of Design (New York), 30 mayo - 1 septiembre, 1985 aBibliografía: p. 124-13214aMeléndez, Luisd1716-1780vExposiciones14aBodegonesvExposicionesxPintura españolaySiglo XVIII14aPinturas españolasySiglo XVIIIzEspaña0 aNaturaleza muerta1 aLuna, Juan J1 aRodríguez, Tomás